Manual de manejo de cosecha y postcosecha de frutos de Arazá (Eugenia stipitata Mc. Vaught) en la Amazonia Colombiana / (Registro nro. 5897)
[ vista simple ]
| 000 -CABECERA | |
|---|---|
| Campo de control | 01079nam a2200277 a 4500 |
| 005 - FECHA Y HORA DE LA ULTIMA TRANSACCION | |
| Campo de control | 20160206134331.0 |
| 008 - ELEMENTOS DE LONGITUD FIJA—INFORMACION GENERAL | |
| Campo de control | 160206s2007 ck ao gr|||| 000 0 spa d |
| 020 ## - ISBN | |
| ISBN | 9588317113 |
| 040 ## - FUENTE DE CATALOGACIÓN | |
| Agencia catalogadora original | CO-BoIAVH |
| Agencia transcriptora | CO-BoIAVH |
| 041 0# - IDIOMA | |
| Código de idioma para texto/pista de sonido o título separado | Español |
| 044 ## - PAÍS DE PUBLICACIÓN | |
| País de publicación | Colombia |
| 082 ## - NUMERO DE CLASIFICACION DECIMAL DEWEY | |
| Número de clasificación | 583.765 |
| Número del ítem | H55a |
| 100 1# - ASIENTO PRINCIPAL--NOMBRE PERSONAL | |
| Nombre personal | Hernández Gómez, María Soledad |
| 9 (RLIN) | 478 |
| 245 10 - MENCION DE TITULO | |
| Título | Manual de manejo de cosecha y postcosecha de frutos de Arazá (Eugenia stipitata Mc. Vaught) en la Amazonia Colombiana / |
| Mención de responsabilidad | SINCHI, ASOHECA |
| 260 ## - PUBLICACION, DISTRIBUCION, ETC. (PIE DE IMPRENTA) | |
| Lugar de publicación, distribución, etc. | Bogotá : |
| Nombre del editor, distribuidor, etc. | SINCHI, |
| Fecha de publicación, distribución, etc. | 2007. |
| 300 ## - DESCRIPCION FISICA | |
| Extensión | 64 páginas : |
| Otros detalles físicos | Ilustraciones, fotografías; |
| Dimensiones | 24 x 17 cm. |
| 650 16 - ASIENTO SECUNDARIO DE MATERIA - TERMINO TEMATICO | |
| Término temático o nombre geográfico como elemento de entrada | Arazá (Eugenia stipitata, Mc Vaugh) |
| 9 (RLIN) | 474 |
| 650 24 - ASIENTO SECUNDARIO DE MATERIA - TERMINO TEMATICO | |
| Término temático o nombre geográfico como elemento de entrada | Arazá (Eugenia stipitata, Mc Vaugh) |
| Subdivisión general | Preservación |
| 9 (RLIN) | 57679 |
| 650 24 - ASIENTO SECUNDARIO DE MATERIA - TERMINO TEMATICO | |
| Término temático o nombre geográfico como elemento de entrada | Almacenamiento de alimentos |
| Subdivisión general | Frutas tropicales |
| 9 (RLIN) | 57680 |
| 662 ## - ASIENTO SECUNDARIO DE MATERIA - JERARQUIA DEL NOMBRE DE LUGAR( | |
| País o entidad mayor | Colombia |
| Jurisdicción política intermedia | Amazonía |
| 700 1# - ASIENTO SECUNDARIO - NOMBRE PERSONAL | |
| Nombre personal | Barrera García, Jaime Alberto |
| 9 (RLIN) | 477 |
| 700 1# - ASIENTO SECUNDARIO - NOMBRE PERSONAL | |
| Nombre personal | Fernández Trujillo, Juan Pablo |
| 9 (RLIN) | 1819 |
| 700 1# - ASIENTO SECUNDARIO - NOMBRE PERSONAL | |
| Nombre personal | Carrillo Bautista, Marcela Piedad |
| 9 (RLIN) | 57681 |
| 700 1# - ASIENTO SECUNDARIO - NOMBRE PERSONAL | |
| Nombre personal | Bardales Infante, Ximena Leticia |
| 9 (RLIN) | 57682 |
| 942 ## - ELEMENTOS ADICIONALES (KOHA) | |
| Tipo de ítem | Libro |
| Sistema de clasificación | Dewey Decimal Classification |
| Withdrawn status | Lost status | Sistema de Clasificación | Damaged status | No para préstamo | Colección | Inventariado | Ubicación Permanente | Ubicación actual | Fecha de adquisición | Fuente de Valor | Valor | Total Checkouts | Número topográfico | Inventario / Código de Barras | Date last seen | Ejemplar | Price effective from | Forma de adquisición | Tipo de material |
|---|---|---|---|---|---|---|---|---|---|---|---|---|---|---|---|---|---|---|---|
| Dewey Decimal Classification | General | Inventariado 2017 | Bogotá | Bogotá | 24/10/2007 | Instituto | 39000.00 | LB-583.765 H55a | 025379 | 04/12/2012 | Ej.1 | 04/12/2012 | Libro | ||||||
| Dewey Decimal Classification | General | Inventariado 2017 | Sala Fabio Quevedo | Sala Fabio Quevedo | 09/02/2016 | Instituto | 39000.00 | LB-583.765 H55a | 018833 | 09/02/2016 | Ej. 2 | 09/02/2016 | Libro |